| 000 | 00489nam a22001577a 4500 | ||
|---|---|---|---|
| 005 | 20260327150103.0 | ||
| 008 | 260327b |||||||| |||| 00| 0 eng d | ||
| 020 | _a978-93-80704-75-3 | ||
| 050 | _aRC 71.M33 2011 | ||
| 100 | _aMADGAONKAR CS | ||
| 245 | _aDIAGNOSIS:A SYMPTOM-BASED APPROACH IN INTERNAL MEDICNE | ||
| 260 |
_aNEW DELHI _bJAYPEE BROTHERS MEDICAL PUBLISHERS _c2011 |
||
| 300 | _aX,358 | ||
| 650 | _aDiagnosis handbook manuals-symptoms -handbook,manuals | ||
| 942 |
_2lcc _cBK |
||
| 999 |
_c216886 _d216886 |
||